000 00551nam a2200205Ia 4500
001 13635
003 GE_BSU
008 181216s||||||||xx |||||||||||||| ||und||
040 _cGE_BSU
245 _aGüvenlık Stratejılerı Dergısı. 2014. 19
245 4 _bThe Journal of Securıty Strategıes
245 _cEditör Karaca R.Kutay
260 _aIstanbul
260 _c2014
300 _a256p.24cm.
520 _aნაჩუქარი
653 _aGüvenlık Stratejılerı Dergısı
653 _aპერიოდიკა
942 _cCR
999 _c46789
_d46789